000 00301nam a22001457a 4500
008 210518b ||||| |||| 00| 0 eng d
020 _a0934433062
041 _aeng
080 _22nd
_a004
082 _2004
100 _a28
101 _aSHKI
245 _aBasic
_cBijan Mashaw
942 _2udc
_cBK
999 _c57450
_d57450